[Event "Stay Safe Play From Home 266"]
[Site "Emanuel Lasker Arena"]
[Date "2020.06.30"]
[Round "4"]
[White "Physikus"]
[Black "Fischer_11"]
[Result "1-0"]
[WhiteElo "2050"]
[BlackElo "2008"]
[Annotator "NA"]
[PlyCount "143"]
[EventDate "2020.06.30"]
[EventType "swiss (blitz)"]

1. e4 {[%emt 0:00:01]} Nf6 {[%emt 0:00:01]} 2. e5 {[%emt 0:00:01]} Nd5 {[%emt 0:00:02]} 3. c4 {[%emt 0:00:00]} Nb6 {[%emt 0:00:01]} 4. d4 {[%emt 0:00:00]} d6 {[%emt 0:00:01]} 5. exd6 {[%emt 0:00:00]} cxd6 {[%emt 0:00:00]} 6. Nc3 {[%emt 0:00:00]} g6 {[%emt 0:00:01]} 7. Be3 {[%emt 0:00:00]} Bg7 {[%emt 0:00:00]} 8. Rc1 {[%emt 0:00:00]} O-O {[%emt 0:00:01]} 9. b3 {[%emt 0:00:00]} Nc6 {[%emt 0:00:00]} 10. Be2 {[%emt 0:00:00]} Bf5 {[%emt 0:00:02]} 11. d5 {[%emt 0:00:02]} Ne5 {[%emt 0:00:03]} 12. Nf3 {[%emt 0:00:00]} Nxf3+ {[%emt 0:00:01]} 13. Bxf3 {[%emt 0:00:01]} Rc8 {[%emt 0:00:00]} 14. O-O {[%emt 0:00:01]} e6 {[%emt 0:00:01]} 15. dxe6 {[%emt 0:00:01]} Bxe6 {[%emt 0:00:00]} 16. Nd5 {[%emt 0:00:02]} Bxd5 {[%emt 0:00:02]} 17. Bxd5 {[%emt 0:00:01]} Nxd5 {[%emt 0:00:01]} 18. Qxd5 {[%emt 0:00:00]} b6 {[%emt 0:00:02]} 19. Rfd1 {[%emt 0:00:02]} Re8 {[%emt 0:00:01]} 20. Qxd6 {[%emt 0:00:01]} Qxd6 {[%emt 0:00:01]} 21. Rxd6 {[%emt 0:00:00]} Re7 {[%emt 0:00:01]} 22. Rcd1 {[%emt 0:00:01]} Rce8 {[%emt 0:00:01]} 23. Rd8 {[%emt 0:00:00]} Bf6 {[%emt 0:00:02]} 24. Rxe8+ {[%emt 0:00:01]} Rxe8 {[%emt 0:00:01]} 25. Rd7 {[%emt 0:00:00]} Rd8 {[%emt 0:00:01]} 26. Rxd8+ {[%emt 0:00:02]} Bxd8 {[%emt 0:00:00]} 27. Kf1 {[%emt 0:00:00]} f5 {[%emt 0:00:01]} 28. Ke2 {[%emt 0:00:00]} Kf7 {[%emt 0:00:00]} 29. Bf4 {[%emt 0:00:01]} Ke6 {[%emt 0:00:00]} 30. Kd3 {[%emt 0:00:01]} g5 {[%emt 0:00:01]} 31. Bb8 {[%emt 0:00:02]} a6 {[%emt 0:00:01]} 32. h3 {[%emt 0:00:02]} b5 {[%emt 0:00:01]} 33. cxb5 {[%emt 0:00:01]} axb5 {[%emt 0:00:00]} 34. Kd4 {[%emt 0:00:01]} Bb6+ {[%emt 0:00:02]} 35. Kc3 {[%emt 0:00:01]} Kd5 {[%emt 0:00:01]} 36. Kb4 {[%emt 0:00:00]} Kc6 {[%emt 0:00:02]} 37. a4 {[%emt 0:00:03]} bxa4 {[%emt 0:00:01]} 38. bxa4 {[%emt 0:00:00]} Bxf2 {[%emt 0:00:00]} 39. Kc4 {[%emt 0:00:04]} h5 {[%emt 0:00:01]} 40. a5 {[%emt 0:00:03]} f4 {[%emt 0:00:02]} 41. Be5 {[%emt 0:00:01]} Be3 {[%emt 0:00:02]} 42. Kd3 {[%emt 0:00:02]} g4 {[%emt 0:00:01]} 43. hxg4 {[%emt 0:00:01]} hxg4 {[%emt 0:00:00]} 44. g3 {[%emt 0:00:04]} Bc1 {[%emt 0:00:05]} 45. Bxf4 {[%emt 0:00:01]} Ba3 {[%emt 0:00:04]} 46. Bd2 {[%emt 0:00:02]} Kb5 {[%emt 0:00:02]} 47. Ke4 {[%emt 0:00:01]} Bd6 {[%emt 0:00:01]} 48. Be1 {[%emt 0:00:02]} Bc7 {[%emt 0:00:01]} 49. Kf5 {[%emt 0:00:00]} Bxa5 {[%emt 0:00:00]} 50. Bxa5 {[%emt 0:00:01]} Kxa5 {[%emt 0:00:00]} 51. Kxg4 {[%emt 0:00:00]} Kb6 {[%emt 0:00:00]} 52. Kf5 {[%emt 0:00:00]} Kc7 {[%emt 0:00:00]} 53. Kf6 {[%emt 0:00:00]} Kd8 {[%emt 0:00:00]} 54. Kf7 {[%emt 0:00:00]} Kd7 {[%emt 0:00:01]} 55. g4 {[%emt 0:00:00]} Kd6 {[%emt 0:00:00]} 56. g5 {[%emt 0:00:00]} Kd5 {[%emt 0:00:00]} 57. g6 {[%emt 0:00:00]} Kd4 {[%emt 0:00:00]} 58. g7 {[%emt 0:00:00]} Kd3 {[%emt 0:00:00]} 59. g8=Q {[%emt 0:00:00]} Ke2 {[%emt 0:00:00]} 60. Qe8+ {[%emt 0:00:00]} Kf3 {[%emt 0:00:01]} 61. Qe7 {[%emt 0:00:00]} Kf4 {[%emt 0:00:00]} 62. Qe6 {[%emt 0:00:00]} Kg3 {[%emt 0:00:01]} 63. Qe5+ {[%emt 0:00:00]} Kf3 {[%emt 0:00:00]} 64. Kf6 {[%emt 0:00:01]} Kf2 {[%emt 0:00:00]} 65. Qe4 {[%emt 0:00:00]} Kg3 {[%emt 0:00:01]} 66. Kf5 {[%emt 0:00:02]} Kf2 {[%emt 0:00:00]} 67. Qd3 {[%emt 0:00:01]} Kg2 {[%emt 0:00:01]} 68. Kf4 {[%emt 0:00:00]} Kh2 {[%emt 0:00:00]} 69. Qg3+ {[%emt 0:00:01]} Kh1 {[%emt 0:00:01]} 70. Qg4 {[%emt 0:00:00]} Kh2 {[%emt 0:00:00]} 71. Kf3 {[%emt 0:00:00]} Kh1 {[%emt 0:00:00]} 72. Qg2# {[%emt 0:00:00] (Lag: Av=0.29s, max=0.8s)} 1-0

[Event "Stay Safe Play From Home 266"]
[Site "Emanuel Lasker Arena"]
[Date "2020.06.30"]
[Round "4"]
[White "EL sanbary"]
[Black "Patzeroglu"]
[Result "0-1"]
[WhiteElo "1942"]
[BlackElo "1883"]
[Annotator "TA"]
[PlyCount "44"]
[EventDate "2020.06.30"]
[EventType "swiss (blitz)"]

{[%evp 9,44,21,36,19,122,142,146,108,171,166,185,118,129,131,277,176,192,142,220,182,288,150,259,197,208,200,254,248,258,-202,-202,-342,-362,-349,-256,-1745,-1660]} 1. c4 Nf6 2. g3 e6 3. Bg2 Be7 4. e4 O-O 5. Nc3 d5 6. cxd5 {[#] A15: English Opening: 1...Nf6.} c6 $146 (6... exd5 $11 7. e5 Ne4) ({Predecessor:} 6... exd5 7. e5 Nfd7 8. d4 Nb6 9. Nge2 f6 10. O-O Nc6 11. exf6 Bxf6 12. Be3 Bf5 {1-0 (28) Soto,C (2076)-Aristizabal,A (1879) Medellin 2015}) 7. dxe6 $16 Bxe6 8. Nge2 {White is clearly better.} Nbd7 (8... c5 $16) 9. O-O c5 {[#]} 10. d4 ({White should try} 10. f4 $1 $18) 10... cxd4 11. Nxd4 Nc5 (11... Bc4 $16 {is a better defense.}) 12. Nxe6 Nxe6 13. Qc2 Nd4 {[#]} (13... Qc7 $16 14. Be3 Ng4) 14. Qa4 $1 $18 {aiming for Rd1.} Rc8 (14... Nc6 $142 15. Be3 Ne5) 15. Bg5 ({Weaker is} 15. Qxa7 b5 $16) (15. Rd1 $18 Bc5 16. Be3) 15... h6 (15... b5 $16 16. Nxb5 (16. Qxa7 Ra8 $11) 16... Nxb5) 16. Bxf6 Bxf6 17. Nd5 Be5 18. f4 ({But not} 18. Qxa7 $6 Rc2 $16) 18... Bd6 19. Qxd4 $4 {[%mdl 8192]} (19. Kh1 $18 {and all is fine.} Ne6 20. Rad1) 19... Bc5 $19 20. Rad1 (20. Qf2 $142 Bxf2+ 21. Rxf2) 20... Bxd4+ 21. Rxd4 Kh8 22. Rc1 $2 (22. Rfd1) 22... Rxc1+ {Accuracy: White = 30%, Black = 26%.} 0-1

[Event "Stay Safe Play From Home 266"]
[Site "Emanuel Lasker Arena"]
[Date "2020.06.30"]
[Round "4"]
[White "The Next Contender"]
[Black "Toosieslide"]
[Result "0-1"]
[WhiteElo "1919"]
[BlackElo "2247"]
[Annotator "TA"]
[PlyCount "88"]
[EventDate "2020.06.30"]
[EventType "swiss (blitz)"]

{[%evp 9,88,-7,4,-20,21,5,28,26,37,33,32,22,21,22,33,18,45,30,39,0,14,0,68,63,75,65,73,18,25,23,31,0,0,0,0,0,0,-92,-83,-195,-78,-93,-94,-93,-92,-103,-95,-106,0,0,0,0,0,0,0,-131,-128,-293,-293,-297,-289,-854,0,0,0,0,0,0,0,0,0,0,0,0,0,0,0,-5069,5281,5122,29976]} 1. d4 d5 2. c4 c6 3. Nf3 Nf6 4. e3 e6 5. g3 Nbd7 6. Bg2 {D30: Queen's Gambit Declined: Systems without Nc3.} b6 7. O-O Bb7 8. b3 {White has an edge.} Bd6 9. Bb2 O-O 10. Nbd2 {[#]} Qe7 $146 ({Predecessor:} 10... Rc8 11. Rc1 c5 12. cxd5 exd5 13. dxc5 bxc5 14. Rc2 Qe7 15. Qc1 Rc6 16. b4 c4 {0-1 (67) Antal,I-Sai,R chess.com INT 2020}) 11. Qc2 c5 12. dxc5 bxc5 13. cxd5 exd5 14. Rac1 Rac8 15. Rfe1 Ne5 ({Black should play} 15... Rfe8 $11) 16. Nxe5 $14 Bxe5 17. Bxe5 (17. Ba3 {is interesting.} Bd6 18. e4 Rfe8 19. Bh3 Ra8 20. e5) 17... Qxe5 18. Nf3 ({White should try} 18. e4 $16) 18... Qe7 $11 19. Red1 Rfd8 20. Qe2 d4 21. Qe1 {[%cal Re3d4]} dxe3 {White must now prevent ...e2.} 22. Rxd8+ Rxd8 23. fxe3 (23. Qxe3 $11 {remains equal.} Qxe3 24. fxe3) 23... Ng4 $17 24. Rc3 {[#]} (24. Nd2 $17) 24... Re8 (24... Qf6 $1 $19 {is more deadly.} 25. e4 Qb6) 25. e4 Bxe4 26. h3 Nf6 27. Re3 Qd7 28. Ng5 {[%cal Rg5e4]} Qd4 (28... Bc6 $17 29. Rxe8+ Qxe8 30. Qxe8+ Bxe8) 29. Kh2 $1 $11 {[%cal Rg5e4] [#]} Bc6 $1 $36 {[%mdl 2560] Black has good play.} 30. Rxe8+ (30. Bxc6 Rxe3) 30... Bxe8 31. Qe7 $1 Qd7 32. Qxd7 (32. Qxc5 $11 {keeps the balance.} Qd2 33. a4) 32... Bxd7 $17 33. Ne4 $2 (33. Nf3 $17) 33... Nxe4 $19 34. Bxe4 {[%mdl 4096] Endgame KB-KB} Be6 35. Bd5 $2 (35. Bf3) 35... c4 $2 ({Better is} 35... Bxd5 $19 36. Kg1 g5) 36. Bxc4 $11 Bxc4 37. bxc4 {KP-KP} Kf8 {And now ...Ke7 would win.} 38. Kg2 Ke7 39. Kf3 Kd6 {Hoping for ...Kc5.} 40. Ke4 Kc5 41. Kd3 a5 42. Kc3 f6 {Threatens to win with ...f5.} 43. a4 $2 {[%mdl 8192]} (43. g4 $11) 43... g5 $4 {[%mdl 8192]} (43... h6 $19 44. Kd3 f5) 44. g4 $18 f5 {[%mdl 32768] Accuracy: White = 69%, Black = 66%. . Loss on time!?} 0-1

[Event "Stay Safe Play From Home 266"]
[Site "Emanuel Lasker Arena"]
[Date "2020.06.30"]
[Round "4"]
[White "Klasman"]
[Black "Buzaglo"]
[Result "0-1"]
[WhiteElo "1320"]
[BlackElo "1822"]
[Annotator "NA RC"]
[PlyCount "52"]
[EventDate "2020.06.30"]
[EventType "swiss (blitz)"]

1. f4 {[%emt 0:00:02]} e6 {[%emt 0:00:00]} 2. e4 {[%emt 0:00:02]} d5 {[%emt 0:00:00]} 3. e5 {[%emt 0:00:01]} c5 {[%emt 0:00:01]} 4. Nf3 {[%emt 0:00:01]} Nc6 {[%emt 0:00:00]} 5. c3 {[%emt 0:00:01]} d4 {[%emt 0:00:01]} 6. d3 {[%emt 0:00:02]} f6 {[%emt 0:00:02]} 7. Qb3 {[%emt 0:00:04]} fxe5 {[%emt 0:00:02]} 8. fxe5 {[%emt 0:00:03]} Qd5 {[%emt 0:00:03]} 9. c4 {[%emt 0:00:05]} Qd7 {[%emt 0:00:04]} 10. Nbd2 {[%emt 0:00:05]} Be7 {[%emt 0:00:01]} 11. Ne4 {[%emt 0:00:01]} h6 {[%emt 0:00:04]} 12. Be2 {[%emt 0:00:02]} g5 {[%emt 0:00:01]} 13. h3 {[%emt 0:00:04]} b6 {[%emt 0:00:01]} 14. O-O {[%emt 0:00:01]} Bb7 {[%emt 0:00:01]} 15. Nfxg5 {[%emt 0:00:04]} hxg5 {[%emt 0:00:01]} 16. Bxg5 {[%emt 0:00:01]} O-O-O {[%emt 0:00:03]} 17. Bxe7 {[%emt 0:00:03]} Ngxe7 {[%emt 0:00:00]} 18. Nd6+ {[%emt 0:00:01]} Kb8 {[%emt 0:00:01]} 19. a4 {[%emt 0:00:04]} Nf5 {[%emt 0:00:03]} 20. Nxf5 {[%emt 0:00:02]} exf5 {[%emt 0:00:00]} 21. Bf3 {[%emt 0:00:02]} Nxe5 {[%emt 0:00:04]} 22. Bxb7 {[%emt 0:00:02]} Kxb7 {[%emt 0:00:00]} 23. a5 {[%emt 0:00:01]} Qc6 {[%emt 0:00:05]} 24. axb6 {[%emt 0:00:03]} axb6 {[%emt 0:00:00]} 25. Qa4 {[%emt 0:00:02]} Ra8 {[%emt 0:00:00]} 26. Qxc6+ {[%emt 0:00:01]} Kxc6 {[%emt 0:00:00] Time (Lag: Av=0.51s, max=1.1s)} 0-1

[Event "Stay Safe Play From Home 266"]
[Site "Emanuel Lasker Arena"]
[Date "2020.06.30"]
[Round "5"]
[White "Toosieslide"]
[Black "Kubas"]
[Result "0-1"]
[WhiteElo "2252"]
[BlackElo "2388"]
[Annotator "TA"]
[PlyCount "128"]
[EventDate "2020.06.30"]
[EventType "swiss (blitz)"]

{[%evp 13,127,-14,-4,-52,-2,-110,-37,-90,-30,-209,-150,-278,-69,-151,-154,-197,-110,-100,-97,-179,-123,-279,-268,-302,-302,-295,-269,-275,-245,-261,-215,-198,-199,-195,-194,-272,-155,-186,-181,-183,-182,-167,-152,-164,-107,-106,-102,-113,-93,-278,-83,-118,-45,-53,0,-129,-128,-113,514,-12,-12,-194,-194,-189,0,-650,-643,-629,0,-631,0,-618,-611,-591,-545,-537,-488,-454,-411,-1541,-1544,-1359,-1188,-2493,-2034,-29983,-29984,-29984,-29985,-29985,-29983,-29983,-29984,-29984,-29985,-29985,-29986,-29986,-29987,-29992,-29993,-29993,-29994,-29994,-29995,-29995,-29996,-29997,-29996,-29996,-29997,-29997,-29998,-29998,-29999,-29999]} 1. d4 d5 2. c4 e6 3. Nc3 Be7 4. Nf3 Nf6 5. g3 O-O 6. Bg2 dxc4 7. O-O Nc6 8. Bf4 {[#] E05: Open Catalan: 5 Nf3 Be7.} Rb8 $146 ({Predecessor:} 8... Nd5 9. Bd2 Rb8 {½-½ (9) Le Roux,J (2569)-Lalic,B (2484) Nantes 2012}) 9. e3 (9. Qa4 $11 {remains equal.}) 9... b6 (9... Nd5 $17 {aiming for ...g5.} 10. h4 Nxf4 11. gxf4 b5) 10. Ng5 (10. e4 $15) 10... Nd5 (10... Bb7 $17) 11. Nge4 $2 (11. Qh5 $1 $11 {and White has nothing to worry.} Nf6 12. Qd1) 11... b5 12. Nd2 (12. Qh5 $17 {is a better defense.}) 12... b4 $2 (12... g5 $1 $19 13. Bxg5 Bxg5) 13. Na4 (13. Nxd5 $15 exd5 14. h4) 13... Ba6 $36 {[%mdl 2048] White is under strong pressure.} 14. Re1 c3 (14... g5 $19 15. Be5 c3) 15. bxc3 bxc3 16. Nb3 (16. Ne4 $17 {was necessary.}) 16... Ncb4 (16... g5 $19 17. Nbc5 Bc8 18. Bxg5 Bxg5) 17. e4 $2 (17. Nbc5 $17 {was called for.} c2 18. Qd2) 17... c2 $19 18. Qd2 Nxf4 19. gxf4 Nd3 20. Re3 {[#]} Rxb3 $1 {[%mdl 512]} 21. axb3 c1=Q+ ({Not} 21... Nxf4 22. Nc3 $15) 22. Rxc1 Nxc1 23. Qxc1 Qxd4 24. Rc3 {[#]} (24. Bf1 $142 Bxf1 25. Kxf1) 24... c5 (24... Ba3 $1 $19 {[%mdl 512]} 25. Qc2 (25. Qxa3 Qd1+) 25... Rd8) 25. Nxc5 Rc8 26. Na4 Rxc3 27. Nxc3 Bc5 28. Nd1 Be2 (28... Bd6 $19 29. Ne3 Bxf4) 29. Ne3 $17 h5 30. h3 h4 31. Qb1 $2 (31. f5 $17) 31... Bd3 $2 (31... Qd2 $19 {is more deadly.} 32. Kh1 Bxe3 33. fxe3 Bd1) 32. Qc1 Bd6 (32... g6 $17 33. Qd2 Kg7) 33. Qc8+ $15 Kh7 (33... Bf8 $1 $15 34. f5 Qa1+ 35. Kh2 Qe5+ 36. Kg1 Qa1+ 37. Kh2 Qe5+ 38. Kg1 Qa1+) 34. Qe8 (34. Qd7 $11) 34... Bxf4 $17 35. Qxf7 Be2 $2 {[%mdl 8192]} (35... Bxe3 $17 {and life is bright.} 36. fxe3 Qxe3+ 37. Kh2 Qh6) 36. Qxe6 $2 (36. Qxf4 $18 Qf6 37. Qd6) 36... Bxe3 $11 37. Qf5+ $2 {[#]} (37. fxe3 $11 {and White stays safe.} Qxe3+ 38. Kh1) 37... g6 $1 $19 {[%cal Rg6f5]} 38. Qf7+ Kh6 $2 (38... Qg7 $19 39. Qxg7+ Kxg7 40. fxe3 Bd1) 39. Qf8+ $2 {[%mdl 8192] [#]} (39. fxe3 $11 Qxe3+ 40. Kh1) 39... Kg5 $1 40. Qe7+ Kh5 $2 (40... Qf6 $19 41. Qxf6+ Kxf6 42. fxe3 Bd3) 41. Qh7+ $2 {[%mdl 8192]} (41. fxe3 $11 Qxe3+ {[%mdl 64] Double Attack} 42. Kh2) 41... Kg5 {( -> ...Qd1+)} 42. Qe7+ Qf6 43. Qxf6+ Kxf6 44. fxe3 {[%mdl 4096] Endgame KB-KB} Ke5 45. Kf2 Bd3 46. Bf3 (46. Bf1 $142 Bxe4 47. Bg2) 46... a5 47. Ke1 Bc2 48. Kf2 Bxb3 49. Be2 a4 {Black mates.} 50. Bd3 a3 51. Bb1 {[#]} Bc2 $1 {[%mdl 512]} 52. Ba2 (52. Bxc2 a2) 52... Bxe4 53. Ke2 Bf5 54. Kf2 Bxh3 55. Bb1 Be6 56. Ba2 Bxa2 {KB-KP} 57. Kf3 Bb3 58. Kg2 a2 59. Kh3 a1=Q 60. Kxh4 Qc3 61. Kg5 Qxe3+ 62. Kxg6 Qg3+ 63. Kh7 Kf6 {[%cal Rg3h4]} 64. Kh8 Qg7# {Accuracy: White = 29%, Black = 48%.} 0-1

[Event "Stay Safe Play From Home 266"]
[Site "Emanuel Lasker Arena"]
[Date "2020.06.30"]
[Round "5"]
[White "SoulofWolf"]
[Black "Lamborghini"]
[Result "0-1"]
[WhiteElo "2230"]
[BlackElo "2330"]
[Annotator "TA"]
[PlyCount "78"]
[EventDate "2020.06.30"]
[EventType "swiss (blitz)"]

{[%evp 9,77,0,6,6,0,2,-2,-4,5,8,18,20,31,20,18,15,14,7,16,0,6,4,32,-16,-4,-12,8,-54,-7,-6,391,390,500,491,608,615,813,64,889,899,883,870,835,308,290,140,407,138,264,261,349,102,68,-12,155,0,422,432,1624,1331,1283,1268,29987,1397,29996,29991,29994,29995,29995,-29999]} 1. Nf3 g6 2. c4 Bg7 3. e3 e5 4. Be2 {[#]} f5 $146 ({Predecessor:} 4... e4 5. Nd4 Nc6 6. Nxc6 dxc6 7. Nc3 Bxc3 8. dxc3 Qxd1+ 9. Bxd1 c5 10. f3 Bf5 {½-½ (48) Etmans,M (2159)-Tatai,S (2361) Arvier 2006}) 5. O-O d6 6. a3 {A10: English Opening: Unusual Replies for Black.} Nf6 7. d3 O-O 8. Nc3 {The position is equal.} h6 9. Qc2 g5 10. b4 Be6 11. Bb2 c6 12. Rad1 Nbd7 13. Nd2 Qe7 14. f4 exf4 15. exf4 g4 16. Rfe1 Qf7 17. Nf1 Rae8 18. Ng3 ({White should play} 18. Ne3 $11) 18... h5 19. d4 Qg6 $2 {[%mdl 8192]} (19... d5 $1 $11 {and Black stays safe.}) 20. d5 $18 cxd5 21. cxd5 Bf7 22. Nxf5 Ne4 {aiming for ...Bxc3.} 23. Bd3 $2 (23. Nxg7 $18 Nf2 24. Qxg6 Bxg6 25. Kxf2 Kxg7 26. Nb5+ Kg8 27. Nxd6 Rxf4+ 28. Kg1) 23... Nxc3 $2 {[%mdl 8192]} (23... Qxf5 $14 24. Bxe4 (24. Nxe4 Bxb2 25. Qxb2 Qxf4 $11) 24... Qxf4) 24. Rxe8 Rxe8 25. Bxc3 Bxc3 {[#]} 26. Qxc3 $2 (26. Ne7+ $1 {[%mdl 512]} Rxe7 27. Bxg6) 26... Qf6 27. Qc2 (27. Qc7 $18 {has better winning chances.} Nf8 28. Qxd6 Qxd6 29. Nxd6) 27... Bxd5 $2 {[%mdl 8192]} (27... Nb6 $16 28. Qc7 Bxd5) 28. Ng3 $2 (28. Bb5 $18 {and the rest is easy.} Bc6 29. Nxd6) 28... Qd4+ (28... h4 $16) 29. Kh1 $1 {Hoping for Bb5.} Qxf4 30. Rf1 $2 ({Not} 30. Nxh5 Qh6 $16) (30. Bb5 $18 {is the precise move to win.} Be4 31. Qa2+ Qf7 32. Qxf7+ Kxf7 33. Rf1+ (33. Nxh5 Bc6 $11) 33... Kg8 34. Bxd7) 30... Qg5 $16 31. Qd1 (31. Bc4 $14 Nf6 32. Rxf6 $1 {[%mdl 576] Remove Defender} Qxf6 33. Bxd5+ Kh8 34. Qd1) 31... Ne5 $2 {[#]} (31... Rf8 $11) 32. Bc2 $2 ({Better is} 32. Bb5 $1 $16 Bc6 33. Bxc6 (33. Qxd6 Qe7 $14) 33... Nxc6 34. Qxd6) 32... Bxg2+ $2 {[%mdl 8192]} (32... Nc4 $1 $11 33. Rf5 Qd2 34. Qxd2 Nxd2) 33. Kxg2 $18 h4 (33... Nf3 $142 34. Be4 h4 35. Bxf3 (35. Bxb7 hxg3 36. Qd5+ Qxd5 $16) 35... gxf3+ 36. Qxf3 Kh8 37. Qc3+ (37. Qxb7 hxg3 38. hxg3 Re2+ 39. Rf2 Rxf2+ 40. Kxf2 Qf6+ 41. Kg2 Qb2+ 42. Kh3 Qxa3 $16) 37... Qe5 38. Qxe5+ dxe5) 34. Ne4 {[%mdl 64] Double Attack} h3+ {[#]} 35. Kh1 $1 Qe3 36. Qd5+ (36. Nf6+ $142 Kf7 37. Nxg4+ {[%mdl 64] Discovered Attack} Nf3 38. Rxf3+ Qxf3+ 39. Qxf3+ Ke7 40. Qxb7+ Kd8 41. Qb8+ Ke7 42. Qxa7+ Kf8 43. Qf2+ Ke7 44. Nf6) 36... Re6 37. Nf6+ Kg7 38. Qxe6 Qf3+ 39. Kg1 $4 {[%mdl 8192]} (39. Rxf3 {is the narrow road to win.} gxf3 40. Nh7 Nd7 41. Qxd7+ {[%mdl 64] Double Attack} Kh8 42. Qe8+ Kg7 43. Qf8#) 39... Qg2# {Accuracy: White = 48%, Black = 35%.} 0-1

[Event "Stay Safe Play From Home 266"]
[Site "Emanuel Lasker Arena"]
[Date "2020.06.30"]
[Round "5"]
[White "Haxhi Baha"]
[Black "Physikus"]
[Result "0-1"]
[WhiteElo "2075"]
[BlackElo "2065"]
[Annotator "TA"]
[PlyCount "88"]
[EventDate "2020.06.30"]
[EventType "swiss (blitz)"]

{[%evp 13,88,48,51,20,56,77,83,92,149,53,93,39,60,60,121,117,124,83,164,47,56,10,18,36,22,-32,277,263,543,546,537,539,538,528,528,520,509,503,499,205,199,194,304,162,143,131,240,191,216,133,159,167,154,120,163,165,184,162,166,147,406,-862,1218,1259,1037,788,1527,1413,3076,8030,12830,9786,12839,12838,12842,12837,12842]} 1. e4 e5 2. f4 exf4 3. Bc4 Nc6 4. Nf3 Nf6 5. Nc3 d6 6. d4 Be7 7. Bxf4 O-O 8. Qd2 {C34: King's Gambit Accepted: 3 Nf3: 3...Nf6 and 3...d6.} Bg4 9. O-O-O a6 10. h3 {[#] White is better.} Bh5 $146 {[#]} (10... Bc8 $142) ({Predecessor:} 10... Bxf3 11. gxf3 b5 12. Bd3 b4 13. Ne2 a5 14. Kb1 a4 15. Rhg1 b3 16. cxb3 axb3 {1-0 (93) Pavignano,M-Frank,D (2449) playchess.com INT 2004}) 11. g4 (11. e5 $1 $16 {[%cal Re5f6]} Nd7 12. exd6 Bxd6 13. g4) 11... Bg6 $14 12. Rde1 ({White should play} 12. Rhe1 $16) 12... b5 13. Bd5 Na5 (13... Qd7 $1 $14) 14. Bxa8 $16 Qxa8 15. h4 {[#] aiming for h5.} Nc4 (15... Nxe4 $16 {might work better.} 16. Nxe4 Bxe4) 16. Qd3 (16. Qg2 $18) 16... d5 $14 {[%cal Rd5e4]} 17. Ne5 ({Stronger than} 17. Bxc7 Rc8 $17) 17... Bxe4 $1 18. Nxe4 Nxe4 19. Nd7 (19. g5 $11) 19... Nf2 $2 {[%mdl 8192]} (19... Re8 $15 {keeps the upper hand.}) 20. Qe2 Nxh1 $2 (20... Ne4 21. Nxf8 Bxf8) 21. Qxe7 $18 Nf2 22. Nxf8 Qxf8 23. Qxf8+ Kxf8 24. Bxc7 {[%mdl 4096] Endgame KRB-KNN} Ne4 25. b3 Ncd2 26. Bf4 (26. Re3 $142) 26... Nf3 27. Rh1 h6 (27... f5 $142) 28. Rh3 (28. Be3 $142) 28... Nxd4 {White must now prevent ...Ne2+.} 29. Kb2 Ne2 (29... Ne6 $16 {keeps fighting.}) 30. Be3 Ke7 31. g5 hxg5 32. hxg5 g6 33. a4 bxa4 34. bxa4 N2g3 35. Bf4 Nf5 36. Rb3 Nfd6 $2 {[%mdl 8192]} (36... Nc5 $16) 37. Rb6 $4 {[%mdl 8192]} (37. Bxd6+ $18 Kxd6 38. Rb6+ Kc5 39. Rxa6) 37... a5 $4 {[%mdl 8192]} (37... Nc4+ $19 38. Kb3 Nxb6) 38. Bxd6+ $1 {White is clearly winning.} Nxd6 {KR-KN} 39. Ra6 Ke6 40. Kc3 Ke5 41. Rxa5 Ne4+ 42. Kb4 Nxg5 43. Ra7 Nf3 44. a5 Nd4 {[%mdl 32768] Accuracy: White = 40%, Black = 25%. . Loss on time!?} 0-1

[Event "Stay Safe Play From Home 266"]
[Site "Emanuel Lasker Arena"]
[Date "2020.06.30"]
[Round "5"]
[White "Bardellosport"]
[Black "Klasman"]
[Result "1-0"]
[WhiteElo "1988"]
[BlackElo "1318"]
[Annotator "TA"]
[PlyCount "45"]
[EventDate "2020.06.30"]
[EventType "swiss (blitz)"]

{[%evp 9,45,20,21,2,17,0,5,0,27,-10,9,0,55,76,68,53,211,223,216,220,210,128,273,264,468,441,544,334,321,218,241,70,297,42,277,47,47,37]} 1. f4 f5 2. Nf3 Nf6 3. g3 e6 4. Bg2 d5 5. O-O c5 6. d3 {A03: Bird's Opening with 1...d5.} Nc6 7. c3 Bd6 {[#]} 8. Na3 $146 {The position is equal.} ({Predecessor:} 8. Qc2 Qb6 9. Kh1 Bd7 10. Be3 Qc7 11. Nbd2 O-O 12. Bg1 e5 13. fxe5 Nxe5 14. Nxe5 Bxe5 {1-0 (36) Eric,J (2342)-Stankovic,M (2100) Paracin 2018}) 8... a6 9. Nc2 Bd7 10. Re1 b5 (10... Qe7 $11) 11. e4 $1 $36 {[%cal Re4e5][%mdl 2048] White is on the roll.} fxe4 12. dxe4 dxe4 $2 {[#]} (12... Nxe4 $14 13. Rxe4 {[%mdl 64] Remove Defender} dxe4 14. Qxd6 exf3 15. Bxf3 Qe7 16. Qxe7+ Kxe7) 13. Qxd6 $18 exf3 14. Bxf3 Qe7 15. Qd2 O-O-O (15... Rc8 $16 16. Qe2 O-O) 16. Qg2 Kc7 $2 (16... Qd6 {might work better.} 17. Be3 Nd5) 17. Be3 h5 18. Rad1 Ng4 19. Bxg4 hxg4 {[#]} 20. Bf2 $2 ({Better is} 20. b4 $1 $18 {[%mdl 512]}) 20... Qf6 $2 (20... Bc8 $14) 21. Ne3 $2 (21. Bxc5 $18 Bc8 22. Nd4) 21... g5 $2 (21... Qg6 $14) 22. fxg5 $2 ({White should try} 22. Nxg4 $18 Qf5 23. Ne5 Nxe5 24. Rxe5 {[%mdl 64] Double Attack}) 22... Qxg5 $14 23. Nf1 {Accuracy: White = 40%, Black = 27%.} 1-0